00344nam a22001337a 450000500170000002000070001703500120002403700130003610000180004924500620006726000440012930000180017370000190019120120529114645.0 c00 aB-30933 aDPLbENG aGoswami, B.K. aA textbook of tourism /cby B.K. Goswami and G. Ravindran aNew DelhibHar-Anand Publicationsc2001 a96p.c22 cms. aRavindran, G.